Terraria: Ranged Arsenal - Statistics

General Stats
  • This quiz has been taken 31 times
  • The average score is 69 of 156
Answer Stats
Answer % Correct
Wooden Bow
100%
Wooden Arrow
100%
Iron Bow
84%
Chlorophyte Arrow
80%
Chlorophyte Bullet
80%
Chlorophyte Shotbow
80%
Copper Bow
80%
Gold Bow
80%
Golden Bullet
80%
Platinum Bow
80%
Silver Bow
80%
Silver Bullet
80%
Tin Bow
80%
Cobalt Repeater
76%
Endless Musket Pouch
76%
Lead Bow
76%
Palladium Repeater
76%
Tungsten Bow
76%
Tungsten Bullet
76%
Adamantite Repeater
72%
Handgun
72%
Musket
72%
Musket Ball
72%
Orichalcum Repeater
72%
Titanium Repeater
72%
Minishark
68%
Mythril Repeater
68%
Phoenix Blaster
68%
Shotgun
68%
Boomstick
64%
Demon Bow
64%
Hallowed Repeater
64%
Ichor Arrow
64%
Ichor Bullet
64%
Jester's Arrow
64%
Megashark
64%
Daedalus Stormbow
60%
Hellwing Bow
60%
Meteor Shot
60%
Pearlwood Bow
60%
Phantasm
60%
Rocket I
60%
Rocket II
60%
Rocket III
60%
Rocket IV
60%
Rocket Launcher
60%
Vortex Beater
60%
Cursed Arrow
56%
Cursed Bullet
56%
Cursed Flare
56%
Onyx Blaster
56%
S.D.M.G.
56%
Ebonwood Bow
52%
Endless Quiver
52%
Luminite Arrow
52%
Luminite Bullet
52%
The Undertaker
52%
Tsunami
52%
Coin
48%
Coin Gun
48%
Fallen Star
48%
Flaming Arrow
48%
Flare
48%
Flare Gun
48%
Grenade Launcher
48%
Shadewood Bow
48%
Sniper Rifle
48%
Tendon Bow
48%
Unholy Arrow
48%
Xenopopper
48%
Ash Wood Bow
44%
Clockwork Assault Rifle
44%
Flintlock Pistol
44%
Hellfire Arrow
44%
Ice Bow
44%
Palm Wood Bow
44%
Snowball
44%
Snowball Cannon
44%
Stake
44%
Stake Launcher
44%
Star Cannon
44%
The Bee's Knees
44%
Bone Arrow
40%
Boreal Wood Bow
40%
Dart Rifle
40%
Nail
40%
Nail Gun
40%
Tactical Shotgun
40%
Uzi
40%
Blowgun
36%
Blowpipe
36%
Dart Pistol
36%
Holy Arrow
36%
Marrow
36%
Molten Fury
36%
Pulse Bow
36%
Rich Mahogany Bow
36%
Venus Magnum
36%
Chain Gun
32%
Crystal Bullet
32%
Explosive Jack 'O Lanturn
32%
Flamethrower
32%
Frostburn Arrow
32%
Proximity Mine Launcher
32%
Seed
32%
Shimmer Arrow
32%
Shimmer Flare
32%
Stynger
32%
Stynger Bolt
32%
Venom Arrow
32%
Venom Bullet
32%
Celebration
28%
Celebration Mk2
28%
Exploding Bullet
28%
Gel
28%
Jack 'O Lantern Launcher
28%
Nano Bullet
28%
Party Bullet
28%
Revolver
28%
Snowman Cannon
28%
Super Star Shooter
28%
Candy Corn
24%
Candy Corn Rifle
24%
Elf Melter
24%
Harpoon
24%
Quad-Barrel Shotgun
24%
Shadowflame Bow
24%
Toxikarp
24%
Ale Tosser
20%
Blue Flare
20%
Dry Rocket
20%
Gatligator
20%
Lava Rocket
20%
Mini Nuke I
20%
Mini Nuke II
20%
Paintball Gun
20%
Piranha Gun
20%
Sand
20%
Sandgun
20%
Electrosphere Launcher
16%
Eventide
16%
High Velocity Bullet
16%
Wet Rocket
16%
Aerial Bane
12%
Blood Rain Bow
12%
Phantom Phoenix
12%
Sharanga
12%
Spelunker Flare
12%
Cluster Rocket I
8%
Cluster Rocket II
8%
Honey Rocket
8%
Red Ryder
8%
Pew-matic Horn
4%
Rainbow Flare
4%
Skull Bow
4%
Vulcan Repeater
4%
No matching quizzes found
Score Distribution
Percent of People with Each Score
Percentile by Number Answered
Your Score History
You have not taken this quiz